| 000 | 01545nam0a2200313 4500 | ||
|---|---|---|---|
| 001 | RU\NLR\BIBL_A\012116012 | ||
| 005 | 20250623211407.0 | ||
| 035 | _a(NLR Aleph) 012116012 | ||
| 090 |
_a11968063 _c11968063 |
||
| 100 | _a20191010d1902 |||y0rusy50 ca | ||
| 101 | 0 | _arus | |
| 102 | _aRU | ||
| 105 | _ay|||z|||000zy | ||
| 200 | 1 |
_aПсихологические и психопатологические анализы уголовных преступлений на основании судебных экспертиз Новгородского суда 1899-1901 года _f[соч.] д-ра А.А. Фон-Фрикен ординатора Винницкой окружной психиатрической лечебницы |
|
| 210 |
_aВильна _cТипография Р.К. Шерра _d1902 |
||
| 215 |
_a[2], 142, [1] с. _d24 |
||
| 320 | _aБиблиогр. в подстроч. примеч. | ||
| 606 | 1 |
_aПреступления _xПсихологические исследования _92247291 _3RU\NLR\AUTH\661348158 |
|
| 606 | 1 |
_aСудебно-психиатрическая экспертиза _9930163 _3RU\NLR\AUTH\6623797 |
|
| 686 | 3 | _aР648.1 | |
| 686 | 3 | _aЮ947.11 | |
| 686 | 3 | _aХ893.9(2)413.2 | |
| 700 | 1 |
_7ca _8rus _aФрикен _bА. А. фон _f1869-1940 _gАркадий Александрович фон _9211573 _3RU\NLR\AUTH\770211629 |
|
| 852 |
_aNLR _j34.9.2.183 |
||
| 852 |
_aNLR _j133/5262 |
||
| 942 | _cBOOK | ||
| 980 | _aNB | ||